000 00704nam a2200241Ia 4500
003 OSt
005 20220927104126.0
006 a|||||r|||| 00| 0
007 ta
008 220926b |||||||| |||| 00| 0 eng d
024 _a125655
037 _cReference Collections
040 _aRTL
_cRTL
_beng
041 _2eng
_aeng
082 _a"W81k58,N2, M8/RR"
100 _aShukman Harold Ed.
_9364545
245 0 _aBLACKWELL ENCYCLOPEDIA of the Russian revolution.
260 _aOxford
_bBasil Blackwell
_c1988
300 _a"xiv, 418p"
_ccm.
650 _aRevolution
_9364546
942 _h"W81k58,N2, M8/RR"
_cCC
999 _c686282
_d686282